[Event "45th FIDE Chess Olympiad Open"]
[Site "Budapest, Hungary"]
[Date "2024.09.12"]
[Round "2"]
[White "Manon, Reja Neer"]
[Black "Le, Tuan Minh"]
[Result "0-1"]
[WhiteElo "2417"]
[BlackElo "2564"]
[PlyCount "132"]
[EventDate "2024.??.??"]
[WhiteTeam "Bangladesh"]
[BlackTeam "Vietnam"]
[WhiteTeamCountry "BAN"]
[BlackTeamCountry "VIE"]
[WhiteClock "0:00:31"]
[BlackClock "0:03:05"]

1. e4 c5 2. Nf3 e6 3. d4 cxd4 4. Nxd4 Nf6 5. Nc3 Nc6 6. Bf4 Bc5 7. Ndb5 O-O 8. Be2 a6 9. Bc7 Qe7 10. Bd6 Bxd6 11. Nxd6 Ne8 12. Nxe8 Rxe8 13. O-O Qb4 $146 ({RR} 13... b5 14. f4 d6 15. Kh1 Bb7 16. Bd3 Nb4 17. a3 Nxd3 18. cxd3 d5 19. Qh5 dxe4 20. dxe4 Rad8 21. Rad1 Qf6 22. e5 Qe7 23. Rxd8 Rxd8 24. Rd1 h6 25. Rxd8+ Qxd8 26. Qd1 Qb6 27. Qd2 Qc6 28. Qd8+ {0-1 Skorobogatykh,A (1970)-Mashinskaya,I (2215) Aluston Open 2023 (2.12)}) ({RR} 13... b5 14. Qd2 Bb7 15. Rad1 Red8 16. a3 Rac8 17. Qd6 Kf8 18. f4 Na5 19. Kh1 Nc4 20. Bxc4 Rxc4 21. Qb6 Bc6 22. Qe3 a5 23. f5 exf5 24. Qh3 Kg8 25. exf5 Qg5 26. Rf2 Re8 27. b3 Re3 28. Re2 {0-1 Van Kuijk,V (1898)-Roebers,E (2369) NED-ch U18 Almelo 2022 (7)}) ({RR} 13... b5 14. a3 Bb7 15. f4 f5 16. exf5 exf5 17. Bf3 Rab8 18. Qd5+ Qe6 19. Rad1 Rbd8 20. Rfe1 Qxd5 21. Nxd5 Rxe1+ 22. Rxe1 Kf7 23. c3 Re8 24. Rd1 Ne7 25. Nc7 Bxf3 26. gxf3 Rd8 27. Nxa6 Nc6 28. Rd5 {1-0 Erdogdu,M (2329)-Shterenberg,B Internet Section 14-B blitz 2003 (1)}) 14. Rb1 b5 15. Qd2 Qd4 16. Rbd1 Qxd2 17. Rxd2 Ra7 18. a4 b4 19. Nd1 Na5 20. Ne3 Kf8 21. Rfd1 Ke7 22. Rd6 b3 23. c3 Nb7 24. R6d4 Nc5 25. Nc4 Rc7 26. Nd6 Rf8 27. Rc4 Kd8 28. e5 f6 29. f4 a5 30. Rd2 Nb7 31. Nb5 Rxc4 32. Bxc4 fxe5 33. fxe5 Nc5 34. Nd4 Kc7 35. Nxb3 Rf4 36. Nxa5 Kb6 37. g3 Re4 38. b4 Re1+ 39. Bf1 Nxa4 40. Kf2 Rc1 41. c4 Rb1 42. c5+ Ka7 43. c6 Nb6 44. b5 Kb8 45. Nc4 Rxf1+ 46. Kxf1 Nxc4 47. Rf2 Nxe5 48. Rf8 dxc6 49. bxc6 g6 50. Rg8 h5 51. Ke2 Kc7 52. Ke3 Ng4+ 53. Kd2 Nxh2 54. Rxg6 Kxc6 55. Ke3 Ng4+ 56. Kf4 Kd5 57. Kg5 e5 58. Rg8 Be6 59. Rd8+ Kc5 60. Kxh5 e4 61. Kg5 e3 62. Rd1 Nf2 63. Ra1 Nd3 64. Kf6 Bh3 65. Ra2 Bg4 66. Kg5 e2 0-1

[Event "45th FIDE Chess Olympiad Open"]
[Site "Budapest, Hungary"]
[Date "2024.09.12"]
[Round "2"]
[White "Tran, Tuan Minh"]
[Black "Hossain, Enamul"]
[Result "1-0"]
[WhiteElo "2434"]
[BlackElo "2354"]
[PlyCount "79"]
[EventDate "2024.??.??"]
[WhiteTeam "Vietnam"]
[BlackTeam "Bangladesh"]
[WhiteTeamCountry "VIE"]
[BlackTeamCountry "BAN"]
[WhiteClock "0:01:52"]
[BlackClock "0:00:32"]

1. c4 e6 2. Nc3 d5 3. d4 a6 4. Nf3 Nf6 5. c5 b6 6. cxb6 c5 7. Bf4 Bd6 8. Bxd6 Qxd6 9. dxc5 Qxc5 10. Rc1 $146 ({RR} 10. Qd4 Qd6 11. Ne5 Nbd7 12. Nxd7 Bxd7 13. e3 O-O 14. Qd2 Rfb8 15. Be2 Rxb6 16. O-O Rab8 17. b3 Rb4 18. Rfd1 h5 19. Bf3 a5 20. e4 d4 21. Ne2 e5 22. Nc1 Bc6 23. Nd3 Bxe4 24. Nxb4 axb4 {0-1 Michalik,P (2576)-Samunenkov,I (2531) TCh-CZE Extraliga 2023-24 (6.2)}) ({RR} 10. Qd4 Qd6 11. e3 O-O 12. Be2 Nbd7 13. O-O e5 14. Qd2 Nxb6 15. b3 Bb7 16. Rfd1 Rfe8 17. Rac1 h6 18. h3 Rad8 19. Qb2 Qe7 20. Na4 Nxa4 21. bxa4 Rd7 22. a5 Qd6 23. Rc2 d4 24. exd4 Bxf3 {½-½ Giri,A (2776)-Le,Q (2709) Aimchess US Rapid Prelim 2021 (14)}) ({RR} 10. Qd4 Qxd4 11. Nxd4 e5 12. Rc1 Nbd7 13. Nc6 Nxb6 14. Nxe5 d4 15. Nd1 Be6 16. e3 dxe3 17. Nxe3 Bxa2 18. Ra1 Bb3 19. Rxa6 Rxa6 20. Bxa6 O-O 21. Ke2 Re8 22. Nd3 Nfd5 23. Rc1 g6 24. Rc6 Nxe3 {1-0 Martinovic,S (2557)-Hess,M (2374) TCh-AUT 2022-23 (6.4)}) ({RR} 10. Qd4 Qd6 11. e4 Nc6 12. Qe3 d4 13. e5 Qb4 14. Nxd4 Nxd4 15. O-O-O Nf5 16. Qf3 Rb8 17. exf6 Rxb6 18. Rd2 gxf6 19. a3 Qc5 20. Kb1 Bb7 21. Qd1 Rd6 22. Bd3 O-O 23. Qh5 Rfd8 24. Bxf5 exf5 {1-0 Ohanyan,E (2501)-Safarov,D (2059) 61st World Juniors 2024 (2.27)}) 10... Nbd7 11. e4 dxe4 12. Nxe4 Qb4+ 13. Ned2 O-O 14. a3 Qxb6 15. Nc4 Qb8 16. Be2 Nb6 17. Na5 Nbd5 18. b4 Bb7 19. O-O Nf4 20. Nxb7 Qxb7 21. Bc4 Rfd8 22. Qb3 Ng4 23. Rfe1 Rd2 24. Bf1 Rxf2 25. Qc4 g5 26. Re4 Qb8 27. Qc7 Qxc7 28. Rxc7 Rd8 29. Re1 Ra2 30. h3 Nh6 31. Nxg5 Rdd2 32. Re4 Nxg2 33. Nxe6 fxe6 34. Rxe6 Nf7 35. Re8+ Kg7 36. Ree7 Nh4 37. Rxf7+ Kg8 38. Rf4 Ng6 39. Re4 Rf2 40. Re8+ 1-0

[Event "45th FIDE Chess Olympiad Open"]
[Site "Budapest, Hungary"]
[Date "2024.09.12"]
[Round "2"]
[White "Murshed, Niaz"]
[Black "Banh Gia Huy"]
[Result "1/2-1/2"]
[WhiteElo "2318"]
[BlackElo "2425"]
[PlyCount "59"]
[EventDate "2024.??.??"]
[WhiteTeam "Bangladesh"]
[BlackTeam "Vietnam"]
[WhiteTeamCountry "BAN"]
[BlackTeamCountry "VIE"]
[WhiteClock "0:43:02"]
[BlackClock "0:59:18"]

1. Nf3 Nf6 2. c4 g6 3. g3 Bg7 4. Bg2 O-O 5. O-O d6 6. Nc3 c5 7. d4 Nc6 8. dxc5 dxc5 9. Be3 Be6 10. Ng5 Qxd1 ({RR} 10... Bxc4 11. Qa4 Na5 12. Bxc5 Qc7 13. Bb4 Nc6 14. Bxc6 Qxc6 15. Qxc6 bxc6 16. Bxe7 Rfe8 17. Bc5 Nd5 {½-½ Jaroszuk,M (1764)-Sternik,P (1873) 290th YMCA Summer A 2024 (1)}) 11. Rfxd1 Bxc4 12. Bxc5 Rfd8 ({RR} 12... h6 13. Nh3 g5 14. f4 gxf4 15. Nxf4 Rfe8 16. b3 e5 17. bxc4 exf4 18. Rab1 Rac8 19. Bh3 Rcd8 20. Rxd8 Nxd8 21. gxf4 b6 22. Bd4 Ne4 23. Bxg7 Kxg7 24. Nb5 Ne6 25. e3 Kf6 26. Nxa7 Nd2 27. Rxb6 {½-½ Ju,W (2560)-Vitiugov,N (2727) Danzhou 12th rapid 2021 (2)}) 13. Kf1 $146 ({RR} 13. Rac1 Rxd1+ 14. Rxd1 h6 15. Nf3 Rc8 16. Nd4 Nxd4 17. Bxd4 b6 18. Be5 Be6 19. Bb7 Rc5 20. Rd8+ Kh7 21. Bd4 Rc7 22. Ba8 Ng4 23. Bxg7 Kxg7 24. Bd5 Bxd5 25. Rxd5 e6 26. Rb5 Nf6 27. f3 Ne8 {½-½ King,D (2545)-Pekarek,A (2475) BL2-West 9091 1990 [1]}) ({RR} 13. e3 e6 14. Rac1 {½-½ Bonomi,M (2234)-Berni,F (2090) Bratto op 20th 2000 (6)}) ({RR} 13. Bxc6 bxc6 14. Bxe7 Rxd1+ 15. Rxd1 Nd5 16. Nxd5 Bxd5 17. b3 f5 18. Nh3 Re8 19. Bc5 Rxe2 20. Nf4 Rxa2 21. Nxd5 cxd5 22. Rxd5 a5 23. Rd8+ Kf7 24. Rd7+ Kg8 25. Kg2 Bc3 26. Rd3 Bf6 27. h4 Ra1 {½-½ Henriquez Villagra,C (2491)-Grigoryan,K (2536) Barbera del Valles op 39th 2016 (7)}) 13... h6 14. Nge4 Nxe4 15. Bxe4 Bxc3 16. bxc3 Rxd1+ 17. Rxd1 Bxa2 18. Bxc6 bxc6 19. Ra1 Bc4 20. Rxa7 Rxa7 21. Bxa7 f5 22. f4 Kf7 23. Kf2 Ke6 24. Bc5 Bb5 25. h4 h5 26. e3 Bd3 27. Bd4 Kd5 28. Be5 Ke4 29. Bd4 Bc4 30. Be5 1/2-1/2

[Event "45th FIDE Chess Olympiad Open"]
[Site "Budapest, Hungary"]
[Date "2024.09.12"]
[Round "2"]
[White "Ziska, Helgi Dam"]
[Black "Yilmaz, Mustafa"]
[Result "1-0"]
[WhiteElo "2553"]
[BlackElo "2587"]
[PlyCount "81"]
[EventDate "2024.??.??"]
[WhiteTeam "Faroe Islands"]
[BlackTeam "Turkiye"]
[WhiteTeamCountry "FAI"]
[WhiteClock "0:02:16"]
[BlackClock "0:00:32"]

1. e4 c5 2. Nf3 d6 3. d4 cxd4 4. Nxd4 Nf6 5. Nc3 a6 6. a3 e5 7. Nf5 d5 8. Bg5 d4 9. Bxf6 Qxf6 10. Nd5 Qc6 11. c4 Nd7 12. b4 g6 13. Nxd4 exd4 14. Qxd4 f6 15. c5 ({RR} 15. f4 Bd6 16. c5 Bb8 17. Bc4 g5 18. g3 gxf4 19. gxf4 b6 20. cxb6 Ne5 21. Be2 Bb7 22. Bh5+ Kf8 23. fxe5 Bxe5 24. Qe3 Rg8 25. Rc1 Qd6 26. Rc7 Rg5 27. Rxb7 Rxh5 28. Qc5 Re8 29. Qxd6+ Bxd6 {1-0 Madaminov,M (2512)-Kilic,E (2439) Titled Tue 12th Mar Early 2024 (9)}) 15... Kf7 16. Bc4 Kg7 $146 ({RR} 16... Ne5 17. Bb3 Be6 18. O-O Nd7 19. f4 Bxc5 20. bxc5 Qxc5 21. Rad1 Kg7 22. f5 gxf5 23. exf5 Bf7 24. Rf3 Rhd8 25. Nf4 Qxd4+ 26. Rxd4 Nc5 27. Rxd8 Rxd8 28. Bxf7 Kxf7 29. Kf1 Rd4 30. Ke2 b5 31. g3 {½-½ Shuvalova,P (2412)-Cervantes Landeiro,T (2176) Wch U18 Girls 2019 (3)}) 17. O-O Nxc5 18. bxc5 Bxc5 19. Qb2 Rf8 20. e5 fxe5 21. Qxe5+ Kh6 22. Rae1 Bf5 23. h4 Rae8 24. Qb2 Bxf2+ 25. Qxf2 Qxc4 26. Qd2+ Kg7 27. Qb2+ Kh6 28. Qd2+ Kg7 29. h5 Qc5+ 30. Kh1 Rd8 31. h6+ Kg8 32. Qb2 Rf7 33. Nf6+ Rxf6 34. Qxf6 Qf8 35. Qxf8+ Rxf8 36. Re7 Rb8 37. Kg1 b5 38. g4 Bd3 39. Rd1 Bc2 40. Rd2 Bb1 41. Re1 1-0

[Event "45th FIDE Chess Olympiad Open"]
[Site "Budapest, Hungary"]
[Date "2024.09.12"]
[Round "2"]
[White "Gurel, Ediz"]
[Black "Nielsen, Hogni Egilstoft"]
[Result "1-0"]
[WhiteElo "2602"]
[BlackElo "2379"]
[PlyCount "67"]
[EventDate "2024.??.??"]
[WhiteTeam "Turkiye"]
[BlackTeam "Faroe Islands"]
[BlackTeamCountry "FAI"]
[WhiteClock "0:14:01"]
[BlackClock "0:00:51"]

1. e4 e5 2. Nf3 Nc6 3. Bc4 Nf6 4. Ng5 d5 5. exd5 Na5 6. Bb5+ c6 7. dxc6 bxc6 8. Bd3 Nd5 9. Nf3 Nf4 10. Bf1 ({RR} 10. O-O Nxd3 11. cxd3 Bd6 12. Re1 O-O 13. Nc3 c5 14. b3 Nc6 15. Ne4 Bg4 16. h3 Bh5 17. Ba3 Be7 18. Ng3 Bg6 19. Rc1 Qa5 20. Bb2 Qxa2 21. Nxe5 Qxb2 22. Nxc6 Bh4 23. Rxc5 Bxd3 24. Re3 Bg6 {1-0 Aronian,L (2785)-Nakamura,H (2750) Chess.com Rapid Wk4 KO 2022 (2.2)}) ({RR} 10. O-O Bd6 11. b3 O-O 12. Ba3 Bxa3 13. Nxa3 e4 14. Bxe4 Qe7 15. Nc4 Qxe4 16. Nxa5 Bh3 17. Re1 Qg6 18. Nh4 Qg5 19. g3 Qxa5 20. gxf4 Rad8 21. d3 Rfe8 22. Re3 Bd7 23. Qe2 Qb4 24. Re1 g6 {1-0 Vang,F (2059)-Nielsen,H (2373) FAI-ch Hoyvik 2015 (3)}) 10... Bd6 11. d4 ({RR} 11. d3 Nd5 12. Be2 O-O 13. O-O f5 14. Nc3 Nxc3 15. bxc3 c5 16. Nd2 g5 17. Bf3 Rb8 18. Bd5+ Kh8 19. c4 g4 20. f3 Qf6 21. fxg4 e4 22. Nxe4 Qd4+ 23. Kh1 fxe4 24. Rxf8+ Bxf8 25. Bd2 Bg7 {1-0 Levitskiy,A (2290)-Iunusov,N (1932) Titled Tue 14th May Early 2024 (3)}) 11... e4 12. Ne5 Ng6 $146 ({RR} 12... Bxe5 13. dxe5 Qxd1+ 14. Kxd1 Ng6 15. Bd2 Nb7 16. Bc3 Bf5 17. Nd2 Rd8 18. Kc1 O-O 19. Rg1 h5 20. f3 exf3 21. gxf3 Nf4 22. Rg5 g6 23. b3 Nc5 24. Kb2 Nd5 25. Bc4 Rfe8 26. Rag1 Kh7 27. Nf1 {½-½ Hrabusa,M (2363)-Frank,A (2366) CZE-chT 2122 2021 (1.1)}) 13. Nc3 Qe7 14. Nxe4 Bxe5 15. dxe5 Qxe5 16. Qe2 O-O 17. Nc3 Qc7 18. Be3 Be6 19. Qh5 Rad8 20. b3 f5 21. Bd3 Qe5 22. Kd2 Nf4 23. Qf3 Nxd3 24. cxd3 f4 25. Bxa7 Bf5 26. Rhe1 Qf6 27. d4 Rd7 28. Bb6 Nb7 29. Ke2 c5 30. Na4 Rxd4 31. Kf1 Rxa4 32. bxa4 Qxb6 33. Qd5+ Kh8 34. Qxf5 1-0

[Event "45th FIDE Chess Olympiad Open"]
[Site "Budapest, Hungary"]
[Date "2024.09.12"]
[Round "2"]
[White "Egilstoft, Rogvi"]
[Black "Erdogmus, Yagiz Kaan"]
[Result "0-1"]
[WhiteElo "2278"]
[BlackElo "2592"]
[PlyCount "94"]
[EventDate "2024.??.??"]
[WhiteTeam "Faroe Islands"]
[BlackTeam "Turkiye"]
[WhiteTeamCountry "FAI"]
[WhiteClock "0:09:57"]
[BlackClock "0:05:35"]

1. e4 e5 2. Nf3 Nc6 3. Bc4 Bc5 4. c3 Nf6 5. d3 d6 6. h3 O-O 7. O-O a5 8. d4 ({RR} 8. Re1 h6 9. Nbd2 Be6 10. Bb5 Qb8 11. Nh4 a4 12. Nf5 Re8 13. Nc4 Bxf5 14. exf5 Qa7 15. Qf3 e4 16. dxe4 Ne5 17. Nxe5 Rxe5 18. Bd3 d5 19. Bf4 dxe4 20. Bxe4 Rxe4 21. Rxe4 Nxe4 22. Qxe4 Bxf2+ {½-½ Nepomniachtchi,I (2774)-Ding,L (2805) Sinquefield Cup 7th 2019 (6)}) 8... Ba7 9. Re1 h6 10. Be3 $146 ({RR} 10. Bb3 Re8 11. Bc2 exd4 12. cxd4 Nb4 13. Nc3 Nxc2 14. Qxc2 c6 15. Bf4 Be6 16. Bg3 Nh5 17. Bh4 Nf6 18. Bg3 Nh5 19. Ne2 Nxg3 20. Nxg3 Qb6 21. Re3 Rac8 22. Nh5 d5 23. e5 c5 24. Rb3 Qa6 {½-½ Kulaots,K (2525)-Loiacono,L (2297) Vergani Cup Masters 2023 (2.5)}) ({RR} 10. Bb3 Re8 11. Bc2 exd4 12. cxd4 Nb4 13. Nc3 Nxc2 14. Qxc2 c6 15. Bf4 Be6 16. Rad1 d5 17. e5 Ne4 18. Nd2 f5 19. Nb3 Qh4 20. Bh2 Nxc3 21. Qxc3 a4 22. Nc5 Bxc5 23. Qxc5 f4 24. f3 Qg5 {½-½ Colbow,C (2404)-Koellner,R (2483) Bundesliga 2023-24 (15.4)}) ({RR} 10. Bb3 Re8 11. Bc2 Bd7 12. d5 Ne7 13. Be3 Ng6 14. Nbd2 Bxe3 15. Rxe3 Nf4 16. Nf1 N6h5 17. Ng3 Qf6 18. Nh2 Qg5 19. Qf3 Rf8 20. Bd1 Nf6 21. c4 b6 22. Bc2 g6 23. Qd1 h5 24. Nf3 Qh6 {1-0 Schnaider,I (2220)-Michalczak,T (2200) Titled Tue 1st Aug Late 2023 (10)}) ({RR} 10. Bb3 Re8 11. Bc2 Bd7 12. Be3 exd4 13. Bxd4 Nxd4 14. Nxd4 c5 15. Nf5 d5 16. Nd6 Re6 17. e5 Ne8 18. Nxb7 Qb6 19. Nd6 Nxd6 20. exd6 Rxe1+ 21. Qxe1 Qxd6 22. Nd2 Re8 23. Qd1 Bb8 24. Nf3 Bc6 {0-1 Modric,N (2128)-Rose,F (2091) Titled Tue 31st Oct Late 2023 (11)}) 10... Re8 11. dxe5 Nxe5 12. Nxe5 dxe5 13. Bxa7 Rxa7 14. Qxd8 Rxd8 15. Na3 c6 16. Rad1 Re8 17. Nc2 b5 18. Bf1 Be6 19. Rd6 Rc8 20. a3 Kf8 21. f3 Ke7 22. Rd2 Rd7 23. Rxd7+ Nxd7 24. Ne3 Ra8 25. Rc1 Bb3 26. Bd3 g6 27. Kf2 h5 28. Nf1 Nc5 29. Be2 Rd8 30. c4 bxc4 31. Bxc4 Bxc4 32. Rxc4 Nd3+ 33. Ke2 Nf4+ 34. Kf2 Rb8 35. b4 axb4 36. axb4 Rxb4 37. Rxb4 Nd3+ 38. Ke3 Nxb4 39. f4 Kf6 40. g3 Ke6 41. Nd2 c5 42. Nf3 f6 43. Nh4 Kf7 44. Kd2 exf4 45. gxf4 g5 46. fxg5 fxg5 47. Nf3 Kf6 0-1

[Event "45th FIDE Chess Olympiad Open"]
[Site "Budapest, Hungary"]
[Date "2024.09.12"]
[Round "2"]
[White "Can, Emre"]
[Black "Apol, Luitjen Akselsson"]
[Result "1-0"]
[WhiteElo "2547"]
[BlackElo "2219"]
[PlyCount "85"]
[EventDate "2024.??.??"]
[WhiteTeam "Turkiye"]
[BlackTeam "Faroe Islands"]
[BlackTeamCountry "FAI"]
[WhiteClock "0:33:20"]
[BlackClock "0:27:54"]

1. e4 c5 2. Nf3 d6 3. d4 cxd4 4. Nxd4 Nf6 5. Nc3 a6 6. Be3 e5 7. Nb3 Be6 8. f3 Nbd7 9. g4 b5 10. a4 b4 11. Nd5 Bxd5 12. exd5 Nb6 13. Bg1 h6 14. f4 Be7 15. a5 Nbd7 16. Qf3 exf4 $146 ({RR} 16... Qc7 17. O-O-O exf4 18. Qxf4 Rc8 19. Rd2 Nxd5 20. Qe4 N7f6 21. Qf3 Qc6 22. h4 g6 23. g5 Nh5 24. Qxd5 Qxd5 25. Rxd5 Ng3 26. Bxa6 Nxh1 27. Bxc8 O-O 28. Bb7 hxg5 29. hxg5 Ng3 30. Kd1 {1-0 Cheparinov,I (2658)-Diesen,B (2122) 38th ECC Open 2023 (1.6)}) 17. O-O-O Ne5 18. Qxf4 Nfxg4 19. Qxb4 O-O 20. Bb6 Qd7 21. h3 Bg5+ 22. Kb1 Ne3 23. h4 Qf5 24. Bxe3 Bxe3 25. Qxd6 Rfc8 26. Rh2 Rd8 27. Qb4 Rab8 28. Qa4 Nf3 29. Re2 Rxb3 30. Qxb3 Nd2+ 31. Rexd2 Bxd2 32. Qd3 Rxd5 33. Qxf5 Rxf5 34. c3 g5 35. Bd3 Rf2 36. hxg5 hxg5 37. Bxa6 g4 38. Rxd2 Rxd2 39. Bb7 Rd1+ 40. Ka2 Re1 41. a6 Re5 42. b4 Re2+ 43. Kb3 1-0

[Event "45th FIDE Chess Olympiad Open"]
[Site "Budapest, Hungary"]
[Date "2024.09.12"]
[Round "2"]
[White "Theodorou, Nikolas"]
[Black "Gascon Del Nogal, Jose Rafael"]
[Result "1/2-1/2"]
[WhiteElo "2619"]
[BlackElo "2454"]
[PlyCount "63"]
[EventDate "2024.??.??"]
[WhiteTeam "Greece"]
[BlackTeam "Venezuela"]
[WhiteTeamCountry "GRE"]
[BlackTeamCountry "VEN"]
[WhiteClock "0:00:58"]
[BlackClock "0:01:03"]

1. e4 c5 2. Nf3 Nc6 3. Bb5 e6 4. Bxc6 bxc6 5. b3 d6 6. e5 dxe5 7. Nxe5 Qg5 8. Nf3 Qxg2 9. Rg1 Qh3 10. Nc3 f6 $146 ({RR} 10... Ba6 11. d3 f6 12. Ne4 Nh6 13. Ba3 Nf5 14. Qe2 Nd4 15. Nxd4 cxd4 16. Bxf8 Kxf8 17. Qd2 Qh6 18. Qa5 f5 19. Ng5 Qxh2 20. Qc5+ Kg8 21. O-O-O Qf4+ 22. Kb1 Qb8 23. Nxe6 g6 24. Qxf5 Qe8 25. Nc7 {1-0 Aditya,M (2583)-Koelle,T (2464) TCh-TUR Super League 2024 (7.8)}) 11. Ba3 e5 12. Qe2 Bg4 13. Rg3 Qh5 14. O-O-O Nh6 15. Ne4 a5 16. Qc4 Qf7 17. Qa4 Qd5 18. Re1 Be7 19. h3 Bh5 20. c4 Qe6 21. Nh4 g5 22. Ng2 Nf5 23. Rd3 Nd4 24. Bxc5 O-O 25. Bxd4 exd4 26. Ng3 Qxh3 27. Rxe7 Bg6 28. Ne1 Rae8 29. Rxe8 Rxe8 30. Rxd4 Rxe1+ 31. Kb2 Qg2 32. Qxa5 1/2-1/2

[Event "45th FIDE Chess Olympiad Open"]
[Site "Budapest, Hungary"]
[Date "2024.09.12"]
[Round "2"]
[White "Ynojosa Aponte, Felix Jose"]
[Black "Kourkoulos-Arditis, Stamatis"]
[Result "0-1"]
[WhiteElo "2398"]
[BlackElo "2570"]
[PlyCount "92"]
[EventDate "2024.??.??"]
[WhiteTeam "Venezuela"]
[BlackTeam "Greece"]
[WhiteTeamCountry "VEN"]
[BlackTeamCountry "GRE"]
[WhiteClock "0:17:44"]
[BlackClock "0:19:47"]

1. c4 Nf6 2. Nf3 g6 3. d4 Bg7 4. Nc3 O-O 5. e4 d6 6. Be2 e5 7. dxe5 dxe5 8. O-O Nbd7 9. Qc2 c6 10. Rd1 Qe7 11. h3 Nh5 12. Rb1 Nc5 ({RR} 12... Nf4 13. Bf1 Ne6 14. b4 f5 15. c5 Kh8 16. Ne2 f4 17. Rd6 a5 18. a3 axb4 19. axb4 Nd8 20. Bb2 Nf7 21. Rdd1 g5 22. g4 Nf6 23. Nd2 h5 24. f3 hxg4 25. hxg4 Bxg4 26. fxg4 Nxg4 27. Nc4 {½-½ Pakleza,Z (2498)-Movsesian,S (2665) Reykjavik op 2015 (6)}) 13. b4 Ne6 14. Be3 Nhf4 15. Bf1 $146 ({RR} 15. Na4 Nxe2+ 16. Qxe2 Nf4 17. Qd2 Qf6 18. Bxf4 exf4 19. Nc5 Re8 20. e5 Qf5 21. Re1 g5 22. Ne4 Qg6 23. Nd6 Re7 24. Rbd1 Be6 25. a4 h5 26. b5 c5 27. Ne4 g4 28. Nh4 Qh6 29. Nxc5 gxh3 {1-0 Pisulinski,J (2365)-Kveinys,A (2475) Katowice op 1990 (9)}) 15... Qf6 16. Ne1 a5 17. Qa4 Nd4 18. bxa5 Nfe6 19. Nd3 Re8 20. Nd5 Qh4 21. Bxd4 exd4 22. Nb6 Ra7 23. Re1 Qg5 24. e5 Qd2 25. Rb2 Qxa5 26. Qxa5 Rxa5 27. g3 Ng5 28. Ra1 Bf5 29. f4 Ne6 30. Nc1 h5 31. Nb3 Ra7 32. c5 f6 33. Nc4 fxe5 34. fxe5 d3 35. Rd1 Ng5 36. Bxd3 Nf3+ 37. Kf2 Nxe5 38. Nxe5 Rxe5 39. Rc2 Bxh3 40. Bxg6 Ra8 41. Bd3 Rg5 42. Rg1 Be5 43. Be4 Rf8+ 44. Ke2 Bxg3 45. Nd4 h4 46. Kd3 Rd8 0-1

[Event "45th FIDE Chess Olympiad Open"]
[Site "Budapest, Hungary"]
[Date "2024.09.12"]
[Round "2"]
[White "Mastrovasilis, Dimitrios"]
[Black "Escalona Landi, Samid Eduardo"]
[Result "1/2-1/2"]
[WhiteElo "2550"]
[BlackElo "2305"]
[PlyCount "167"]
[EventDate "2024.??.??"]
[WhiteTeam "Greece"]
[BlackTeam "Venezuela"]
[WhiteTeamCountry "GRE"]
[BlackTeamCountry "VEN"]
[WhiteClock "0:04:07"]
[BlackClock "0:06:03"]

1. e4 c5 2. Nf3 d6 3. Bb5+ Nd7 4. a4 Ngf6 5. Nc3 g6 6. a5 Bg7 7. O-O a6 8. Be2 O-O 9. Re1 b5 10. axb6 Bb7 11. Bf1 Nxb6 12. d3 a5 13. Bg5 h6 14. Bd2 $146 ({RR} 14. Be3 a4 15. h3 Qc7 16. Qd2 Kh7 17. g4 Bc6 18. Bg2 Nfd7 19. Nd5 Nxd5 20. exd5 Bxd5 21. Ng5+ hxg5 22. Bxd5 Bxb2 23. Bxg5 Ne5 24. f4 Nc6 25. f5 e6 26. fxg6+ fxg6 27. Rxe6 Bxa1 28. Qe2 Bd4+ {0-1 Jiganchine,R (2205)-Zuferi,E (2412) Titled Tue 6th Feb Late 2024 (10)}) 14... e5 15. Ne2 a4 16. c4 Ne8 17. Nc3 Bc6 18. b3 Qd7 19. Nd5 Bxd5 20. cxd5 Nc7 21. bxa4 Nxa4 22. Qc2 Rfb8 23. Reb1 Rxb1 24. Qxb1 Qc8 25. Be2 Rb8 26. Qc1 Nb6 27. Bxh6 Na6 28. h4 c4 29. dxc4 Nc5 30. Bxg7 Kxg7 31. Qe3 Nbd7 32. Nd2 Qh8 33. g3 Nf6 34. Ra2 Rb7 35. Kg2 Qb8 36. g4 Qh8 37. Kg3 Qd8 38. Bd1 Nh7 39. g5 f6 40. gxf6+ Qxf6 41. Bg4 Qf8 42. Kg2 Qd8 43. Qg3 Nf6 44. Bf3 Kh7 45. Ra3 Qf8 46. Qg5 Rf7 47. Qe3 Nfd7 48. Bg4 Nf6 49. Bf3 Nfd7 50. Ra7 Rf4 51. Nb3 Qb8 52. Ra3 Qd8 53. Nd4 Qf6 54. Ne6 Nxe6 55. dxe6 Qxe6 56. Ra7 Kh6 57. Qd2 Nc5 58. Rc7 Qf6 59. Rc6 Qxh4 60. Qxd6 Qg5+ 61. Kf1 Nxe4 62. Bxe4 Rxe4 63. Qf8+ Kh5 64. Qh8+ Qh6 65. Qxh6+ Kxh6 66. Kg2 Rf4 67. Rc8 Kg5 68. Kg3 Rd4 69. Kf3 Kf5 70. Ke3 Ke6 71. c5 Rc4 72. c6 Kd6 73. Rg8 Rxc6 74. Rxg6+ Kd5 75. Rxc6 Kxc6 76. Ke4 Kd6 77. f4 Ke6 78. fxe5 Ke7 79. Kd5 Kd7 80. e6+ Ke7 81. Ke5 Ke8 82. Kf6 Kf8 83. e7+ Ke8 84. Ke6 1/2-1/2

[Event "45th FIDE Chess Olympiad Open"]
[Site "Budapest, Hungary"]
[Date "2024.09.12"]
[Round "2"]
[White "Castro Torres, Jose Luis"]
[Black "Kelires, Andreas"]
[Result "1-0"]
[WhiteElo "2299"]
[BlackElo "2536"]
[PlyCount "107"]
[EventDate "2024.??.??"]
[WhiteTeam "Venezuela"]
[BlackTeam "Greece"]
[WhiteTeamCountry "VEN"]
[BlackTeamCountry "GRE"]
[WhiteClock "0:17:22"]
[BlackClock "0:07:59"]

1. e4 e5 2. Nf3 Nc6 3. Bb5 a6 4. Bxc6 dxc6 5. Nxe5 Qd4 6. Nf3 Qxe4+ 7. Qe2 Qxe2+ 8. Kxe2 Bf5 9. d3 ({RR} 9. Kd1 O-O-O 10. h3 Bc5 11. g4 Be4 12. Ke2 Bxc2 13. a3 Nf6 14. b4 Bb6 15. a4 Rhe8+ 16. Kf1 Be4 17. Kg2 Rd3 18. Kg3 Rxf3+ 19. Kg2 Ra3+ 20. Kg1 Rxa1 21. Bb2 Rxb1+ 22. Kh2 Rxh1+ 23. Kg3 Rg1+ {0-1 Basios,G-Kilaidakis,I ECTCC Youth 2023 (5.24)}) 9... O-O-O 10. Be3 f6 11. h3 $146 ({RR} 11. Nbd2 Ne7 12. Nb3 b6 13. Nbd4 Bd7 14. Rhe1 c5 15. Nb3 Bc6 16. Rad1 h5 17. c4 Nf5 18. d4 cxd4 19. Nbxd4 Nxe3 20. fxe3 Ba4 21. b3 Bd7 22. Nc2 Bd6 23. Kf2 Rhe8 24. Rd5 g5 25. h4 Bc6 {0-1 Bunk,W-Graf,A (2625) Regensburg op 1998 (3)}) 11... Ne7 12. Nc3 h5 13. b4 g5 14. Nd4 Bd7 15. a4 Bg7 16. Kd2 Rde8 17. b5 a5 18. bxc6 Nxc6 19. Ndb5 Ne7 20. Rab1 Nf5 21. Nd5 Nxe3 22. fxe3 Bxb5 23. Rxb5 b6 24. Rf1 Re6 25. e4 Rd8 26. Ke2 Kb7 27. Ne3 Rd7 28. Rbf5 c6 29. Rb1 Ka6 30. c4 Bf8 31. h4 gxh4 32. Rxh5 Bc5 33. Nf5 Rb7 34. Rxh4 b5 35. d4 Bb4 36. d5 cxd5 37. axb5+ Kb6 38. cxd5 Re5 39. Nd4 Rg7 40. Kf3 Bc3 41. Ne6 Rf7 42. g4 a4 43. Rh8 f5 44. Rc8 fxe4+ 45. Ke2 Ba5 46. Rc6+ Kb7 47. b6 Kb8 48. b7 Rxb7 49. Rxb7+ Kxb7 50. Nc5+ Ka7 51. Ra6+ Kb8 52. Rxa5 Kc7 53. Nxa4 Kd6 54. Nc3 1-0

[Event "45th FIDE Chess Olympiad Open"]
[Site "Budapest, Hungary"]
[Date "2024.09.12"]
[Round "2"]
[White "Ashiku, Franc"]
[Black "Cheparinov, Ivan"]
[Result "0-1"]
[WhiteElo "2400"]
[BlackElo "2628"]
[PlyCount "58"]
[EventDate "2024.??.??"]
[WhiteTeam "Albania"]
[BlackTeam "Bulgaria"]
[WhiteTeamCountry "ALB"]
[BlackTeamCountry "BUL"]
[WhiteClock "0:03:57"]
[BlackClock "0:24:58"]

1. d4 Nf6 2. Nf3 e6 3. Bf4 d5 4. e3 c5 5. c3 Nc6 6. Nbd2 Be7 7. h3 Bd6 8. dxc5 Bxc5 9. Bd3 Bd6 ({RR} 9... O-O 10. O-O Bd6 11. Bxd6 Qxd6 12. e4 Rd8 13. Bc2 dxe4 14. Nxe4 Qe7 15. Qe2 Bd7 16. Rad1 Be8 17. Nxf6+ Qxf6 18. h4 g6 19. Qe3 h5 20. Ng5 b6 21. Qg3 Rxd1 22. Rxd1 Rd8 23. Re1 Kg7 24. Re3 {1-0 So,W (2778)-Caruana,F (2816) Paris GCT rapid 2018 (1)}) 10. Bxd6 Qxd6 11. Qc2 ({RR} 11. e4 dxe4 12. Nxe4 Nxe4 13. Bxe4 Qxd1+ 14. Rxd1 Bd7 15. O-O Ke7 16. Rd2 Rhd8 17. Rfd1 Be8 18. Kf1 Rxd2 19. Rxd2 Rc8 20. h4 Na5 21. Rc2 Bb5+ 22. Ke1 f5 23. Nd4 Bd7 24. Bd3 Nc6 25. Nxc6+ Bxc6 {½-½ Linares Napoles,O (2168)-Figueredo Losada,L (2321) II Aguascalientes Int 2024 (6.11)}) 11... O-O 12. e4 $146 ({RR} 12. O-O Bd7 13. Rad1 h6 14. e4 dxe4 15. Nxe4 Nxe4 16. Bxe4 Qc7 17. Rd2 Rfd8 18. Rfd1 Be8 19. Rxd8 Rxd8 20. Rxd8 {½-½ Wernberg,H (2268)-Seo,J (2455) Hasselbacken op 2021 (8)}) 12... h6 13. O-O-O b6 14. Rhe1 Qc7 15. Kb1 Bb7 16. g3 Rfd8 17. exd5 Nxd5 18. Nb3 Nf6 19. Qe2 a6 20. Bc2 Rac8 21. Rxd8+ Rxd8 22. Nfd4 b5 23. f4 Nxd4 24. cxd4 Bd5 25. Nc5 Qa5 26. Bb3 Qb4 27. Bxd5 Nxd5 28. Nxa6 Qxd4 29. f5 Qb6 0-1